| 000 | 00348nam a2200145Ia 4500 | ||
|---|---|---|---|
| 008 | 230204s9999||||xx |||||||||||||| ||und|| | ||
| 020 | _a9789388658362 | ||
| 082 |
_a320 _bGau/W |
||
| 100 | _aGauba.O.P | ||
| 245 | 0 | _aWestern Political Thoughts | |
| 250 | _a4th | ||
| 260 |
_aNew Delhi _bNational Paperbacks _c2019 |
||
| 300 | _a380p. | ||
| 942 | _cBK | ||
| 999 |
_c41205 _d41205 |
||